00250nam a22001097a 4500003000400000020001800004082001800022100002000040245004100060260003200101300000700133SGT a9786207650729 a617.601bA24K aKhurana, Charu  aAdjunctive chair-side diagnostic aid bLambert Academic Pub.c2024 a90